Most Dispersed Island Nations - Statistics

General Stats
  • This quiz has been taken 71,008 times
  • The average score is 10 of 13
Answer Stats
% Country % Correct
53.3 Indonesia
84%
63.4 F. S. Micronesia
83%
17.7 Marshall Islands
82%
33.3 Solomon Islands
81%
8.6 Kiribati
80%
36.4 Tuvalu
78%
60.6 Philippines
77%
49.2 Vanuatu
77%
4.1 Maldives
75%
48.2 Tonga
73%
43.3 Seychelles
72%
36.2 Bahamas
68%
43.9 Cape Verde
64%
No matching quizzes found
Score Distribution
Percent of People with Each Score
Percentile by Number Answered
Your Score History
You have not taken this quiz